000 00537nam a22002297a 4500
003 UA-OsUOA
001 56055
007 ta
008 20080930b un ||||| |||| 00| 0 ukr d
100 _aБергер Я.
700 _aМихеев В.
090 _a330
_bБ48
942 _cSA
040 _aUA-OsUOA
_brus
_cUA-OsUOA
_dUA-OsUOA
245 _aФондовый рынок КНР
300 _aС.65-75
955 _a0
041 _arus
080 _a330
773 0 _w56053
650 7 _a330 Економіка взагалі
_2UDC
999 _c342036
_d342036